Представление документа в формате MARC21

Поле Инд. ПП Название Значение
Тип записи a
Библиографический уровень b
001 Контрольный номер 5cf8aafc93c0443b9a9fec892bd8d109
005 Дата корректировки 20250109151219.4
080 a Индекс УДК 81.25(470)
097 b Оператор *Плё*
100 1_ a Автор Стадульская Н.А.
245 10 a Заглавие Перспективы переводческого дела в России в условиях современной действительности
p Название части/ раздела Текст : электронный
b Продолж. заглавия статья
260 a Место издания Тверь
b Издательство ТвГТУ
c Дата издания 2024
520 0_ a Аннотация Предпринята попытка позитивной оценки современной переводческой действительности в России. Показана степень развития переводческого бизнеса в стране, выявлены существующие риски 124 в виде развивающегося искусственного интеллекта. Очерчена сфера работы человека-переводчика. Представлен авторский перечень наиболее перспективных областей для будущих переводчиков с указанием основных предъявляемых профессиональных требований. Исследование показало, что, несмотря на существующую угрозу профессии со стороны искусственного интеллекта, остается весьма обширная площадь для реализации профессионального потенциала действующих и будущих специалистов в сфере перевода.
653 0_ a Ключевые слова Переводчик
a Ключевые слова Перспективы перевода
a Ключевые слова Искусственный интеллект
a Ключевые слова Профессиональные требования к переводчику
773 18 w Контрольный № источника c4e9939318e24bb2b11a4700379ef408
t Название источника Обучение иностранцев в вузе и на этапе довузовской подготовки: тенденции и инновации
d Место и дата издания Тверь : ТвГТУ, 2024
z ISBN 978-5-7995-1354-2
g Прочая информация С. 123-131
900 a Имя макрообъекта 001-000161811-000000000-0000-0000-01
901 t Тип документа a
950 a Редактор записи вш
951 i EL-ТГТУ? да